| 000 | 00344nam a2200121Ia 4500 | ||
|---|---|---|---|
| 008 | 181023s9999 xx 000 0 und d | ||
| 020 | _a9781138048799 | ||
| 100 | _aWood, Roy C. | ||
| 245 |
_cRoy C. Wood.-- _aHotel accomodation management / |
||
| 260 |
_aNew York : _bRoutlege _c2018 |
||
| 300 | _axviii, 209 pages. | ||
| 650 | _aHotel management. | ||
| 999 |
_c359363 _d359363 |
||